Statistiques concernant Pokemon de type normal

Cliquez ici pour prendre le quiz!

Statistiques générales

  • Ce quiz a été pris 314 fois
    (312 depuis la dernière actualisation)
  • Le résultat moyen est 64 sur 97

Statistiques - réponses

HintRéponse% Correct
18Roucarnage
97%
16Roucool
97%
17Roucoups
97%
19Rattata
92%
20Rattatac
92%
21Piafabec
89%
22Rapasdepic
88%
113Leveinard
83%
39Rondoudou
83%
161Fouinette
82%
40Grodoudou
82%
143Ronflex
82%
128Tauros
82%
162Fouinar
81%
133Evoli
79%
440Ptiravi
79%
263Zigzaton
79%
493Arceus
78%
400Castorno
78%
163Hoothoot
78%
399Keunotor
78%
242Leuphorie
78%
164Noarfang
78%
264Linéon
77%
398Etouraptor
76%
396Etourmi
76%
397Etourvol
76%
52Miaouss
76%
53Persian
76%
505Miradar
75%
519Poichigeon
75%
137Porygon
75%
277Heledelle
74%
276Nirondelle
74%
507Ponchien
74%
506Ponchiot
74%
504Ratentif
74%
508Mastouffe
73%
520Colombeau
72%
241Ecremeuh
72%
446Goinfrex
72%
174Toudoudou
72%
521Deflaisan
71%
233Porygon2
71%
115Kangourex
70%
132Metamorph
70%
474Porygon-Z
70%
83Canarticho
69%
289Monaflemit
69%
287Parecool
69%
85Dodrio
68%
84Doduo
68%
288Vigoroth
68%
108Excelangue
65%
661Passerouge
65%
293Chuchmur
63%
626Frison
62%
294Ramboum
62%
295Brouhabam
61%
301Delcatty
60%
668Nemelios
60%
660Excavarenne
59%
667Helionceau
59%
300Skitty
59%
463Coudlangue
58%
427Laporeille
58%
428Lockpin
58%
486Regigigas
58%
659Sapereau
58%
203Girafarig
57%
235Queulorior
57%
206Insolourdo
55%
234Cerfrousse
54%
648Meloetta
54%
531Nanmeouie
52%
298Azurill
51%
190Capumain
51%
432Chaffreux
50%
431Chaglam
50%
352Kecleon
50%
217Ursaring
50%
676Couafarel
49%
628Gueriaigle
49%
327Spinda
49%
216Teddiursa
49%
424Capidextre
48%
335Mangriff
48%
351Morphéo
48%
627Furaiglon
47%
441Pijako
47%
586Haydaim
45%
695Iguolta
45%
585Vivaldaim
45%
572Chinchidou
44%
694Galvaran
44%
573Pashmilla
43%
333Tylton
36%

Distribution des résultats

Percentile par nombre de réponses

% des personnes avec chaque résultat

Votre développement - résultats

Vous n’avez pas pris ce quiz depuis la dernière actualisation